Whath are the "knowledge conditions" of sociology?: a response to Gary Wickham and Harry Freemantle /

সংরক্ষণ করুন:
গ্রন্থ-পঞ্জীর বিবরন
প্রধান লেখক: Baehr, Peter
অন্যান্য লেখক: Freemantle, Harry
বিন্যাস: পাঠ‍্য
ট্যাগগুলো: ট্যাগ যুক্ত করুন
কোনো ট্যাগ নেই, প্রথমজন হিসাবে ট্যাগ করুন!

MARC

LEADER 00000 a a2200000 04500
001 4787
003
040
100 |a Baehr, Peter  
245 |a Whath are the "knowledge conditions" of sociology?: a response to Gary Wickham and Harry Freemantle /  |c Peter Baehr, Harry Freemantle 
700 |a Freemantle, Harry  
773 |g volumen 56, número 6; páginas 940-948  
999 |c 19799  |d 19799